Inne nazwy na postacie z Lol'a - Statystyki

Ogólne statystyki
  • Ten quiz został rozwiązany 93 razy
  • Średni wynik to 11 z 24
Statystyki odpowiedzi
Hint Odpowiedź % Poprawnych
krokodyl renekton
100%
skała malphite
96%
anka annie
82%
misiek volibear
81%
cztery jhin
78%
koń hecarim
77%
żabol tahm kench
77%
pies nasus
73%
jeleń lillia
67%
grabarz yorick
67%
drzewiec maokai
56%
żul gragas
51%
huawei hwei
38%
wieprz sejuani
38%
cygan akshan
30%
orzeł anivia
30%
kamienica taliyah
18%
złomiarz rumble
16%
rasista kassadin
12%
suka naafiri
10%
kaśka cassiopeia
8%
mazdamer tryndamere
5%
kwadrat xerath
4%
kokosek ekko
3%
Nie znaleziono quizów pasujących do podanych kryteriów
Rozkład punktacji
Procent ludzi z każdym wynikiem
Percentyl według liczby udzielonych odpowiedzi
Twoja historia wyników
Nie rozwiązałeś tego quizu